000 01125naa a22003377a 4500
001 BR7805123
003 BR-BrBNA
005 20240918174157.0
007 ta
008 230509b bl.||||| |||| 00| 0 por d
040 _aBR-BrBNA
_bpor
_cBiblioteca Nacional de Agricultura
041 _a(Pt)
072 _aF00
_b1110
_bG514
090 _aF00 BR7805123
100 1 _aPinheiro, R.V.R.
100 1 _aMonica, I.
100 1 _aAlvarenga, L.R. de
245 1 _aCompeticao de abacateiros. [Persea americana, Clone, melhoramento vegetal, plantio, rendimento, Vicosa, Minas Gerais, Brasil]
260 3 _aBelo Horizonte, MG (Brasil):
_c1978.
500 _aProjeto fruticultura. Relatorio 1974/77 Belo Horizonte, MG (Brasil): 1978. p. 33-34 (BR7805123-AM)F00
650 _aABACATE
650 _aCLONE
650 _aMELHORAMENTO VEGETAL
650 _aPLANTIO
650 _aRENDIMENTO
650 _aVICOSA
650 _aMINAS GERAIS
773 0 _tProjeto fruticultura. Relatorio 1974/77
_wF00 BR7805123
_gBelo Horizonte, MG (Brasil), 1978. p. 33-34
909 _a202404
_bLucia
_c55
_dLucia Elande
942 _cAM
_2AGRIS
999 _c309399
_d309399